[Event "Foment Martinenc op-C 21st"]
[Site "Barcelona"]
[Date "2019.06.01"]
[Round "6"]
[White "Ribera Caro, Joan"]
[Black "Blasco Parrilla, Antonio"]
[Result "1-0"]
[WhiteElo "1649"]
[BlackElo "1778"]
[PlyCount "127"]
[EventDate "2019.04.27"]
[EventType "swiss"]
[EventRounds "9"]
[EventCountry "ESP"]
[SourceTitle "EXT 2020"]
[Source "ChessBase"]
[SourceDate "2019.10.17"]
[SourceVersion "1"]
[SourceVersionDate "2019.10.17"]
[SourceQuality "1"]

1. d4 d5 2. Nf3 e6 3. g3 c5 4. c4 Nf6 5. Bg2 Be7 6. 0-0 0-0 7. Nc3 cxd4 8. Qxd4 Nc6 9. Qd3 Nb4 10. Qd2 dxc4 11. Rd1 Qxd2 12. Bxd2 Rb8 13. Ne5 b5 14. a3 Nbd5 15. Nc6 Rb7 16. Nxe7+ Rxe7 17. Nxd5 Nxd5 18. Bxd5 exd5 19. Bb4 Rd7 20. Bxf8 Kxf8 21. Rd4 Bb7 22. e4 Ke7 23. Rad1 Ke6 24. exd5+ Ke5 25. f4+ Kd6 26. Re4 Bxd5 27. Red4 Kc5 28. Kf2 f5 29. R4d2 Rd6 30. Re1 Be4 31. Rxd6 Kxd6 32. Rd1+ Bd3 33. Ke3 Kd5 34. h3 Kc5 35. g4 fxg4 36. hxg4 a5 37. Rh1 b4 38. Rh5+ Kb6 39. axb4 axb4 40. Re5 b3 41. Kd4 Kc6 42. Re7 g6 43. Rxh7 Kd6 44. Ra7 Ke6 45. Ra6+ Kf7 46. Ra4 Be2 47. g5 Ke6 48. Ra6+ Kf5 49. Rf6+ Kg4 50. Rxg6 Kxf4 51. Rg7 Kf5 52. g6 Bd3 53. Rc7 Kxg6 54. Rxc4 Bf5 55. Kc3 Bc2 56. Rb4 Kf6 57. Rxb3 Bxb3 58. Kxb3 Ke6 59. Kc4 Kd7 60. Kb5 Kc7 61. b3 Kb8 62. Kb6 Ka8 63. b4 Kb8 64. b5 1-0

[Event "Foment Martinenc op-C 20th"]
[Site "Barcelona"]
[Date "2018.05.05"]
[Round "3"]
[White "Blasco Parrilla, Antonio"]
[Black "Rossell Aran, Joan"]
[Result "0-1"]
[WhiteElo "1734"]
[BlackElo "1811"]
[PlyCount "50"]
[EventDate "2018.04.21"]
[EventType "swiss"]
[EventRounds "9"]
[EventCountry "ESP"]
[SourceTitle "CBM 184 Extra"]
[Source "ChessBase"]
[SourceDate "2018.06.28"]
[SourceVersion "1"]
[SourceVersionDate "2018.06.28"]
[SourceQuality "1"]

1. e4 e5 2. Nf3 Nc6 3. Bb5 f5 4. d3 fxe4 5. dxe4 Nf6 6. Bg5 Bc5 7. 0-0 d6 8. Re1 0-0 9. c3 Be6 10. Nbd2 Qe8 11. Nf1 Ng4 12. Be3 Nxe3 13. Nxe3 Qg6 14. Bc4 Bxc4 15. Nxc4 Rf4 16. Ncd2 Raf8 17. a4 Bb6 18. b4 a6 19. a5 Ba7 20. Qe2 Nd8 21. Kf1 Qh6 22. b5 Qxh2 23. Qc4+ Kh8 24. Nxh2 Rxf2+ 25. Kg1 Rf1# 0-1

[Event "Roncana op-B 9th"]
[Site "Santa Eulalia de Roncana"]
[Date "2015.10.31"]
[Round "4"]
[White "Giro Castellet, Esteve"]
[Black "Blasco Parrilla, Antonio"]
[Result "1/2-1/2"]
[WhiteElo "1864"]
[BlackElo "1719"]
[PlyCount "55"]
[EventDate "2015.10.03"]
[EventType "swiss"]
[EventRounds "8"]
[EventCountry "ESP"]
[SourceTitle "EXT 2017"]
[Source "ChessBase"]
[SourceDate "2016.10.25"]
[SourceVersion "1"]
[SourceVersionDate "2016.10.25"]
[SourceQuality "1"]

1. d4 Nf6 2. c4 g6 3. Nc3 Bg7 4. e4 d6 5. h3 0-0 6. Nf3 Nc6 7. Be2 e5 8. d5 Ne7 9. Be3 a6 10. Qd2 Nh5 11. Ng5 f6 12. Bxh5 gxh5 13. Nf3 f5 14. Bg5 f4 15. Qe2 h6 16. Bh4 Bf6 17. Bxf6 Rxf6 18. Nh4 Qe8 19. 0-0-0 Qf7 20. Rdf1 Bd7 21. Rhg1 Kg7 22. f3 Rg8 23. Qf2 b6 24. Rh1 Ng6 25. Rfg1 Nxh4 26. Qxh4 Qg6 27. Ne2 Qg5 28. Qxg5+ 1/2-1/2

[Event "Roncana op-B 9th"]
[Site "Santa Eulalia de Roncana"]
[Date "2015.10.24"]
[Round "3"]
[White "Blasco Parrilla, Antonio"]
[Black "Berbel Gutierrez, Jose Guillermo"]
[Result "1/2-1/2"]
[WhiteElo "1719"]
[BlackElo "1787"]
[PlyCount "106"]
[EventDate "2015.10.03"]
[EventType "swiss"]
[EventRounds "8"]
[EventCountry "ESP"]
[SourceTitle "EXT 2017"]
[Source "ChessBase"]
[SourceDate "2016.10.25"]
[SourceVersion "1"]
[SourceVersionDate "2016.10.25"]
[SourceQuality "1"]

1. e4 e6 2. Nf3 d5 3. exd5 exd5 4. d4 Bg4 5. h3 Bh5 6. Be2 Bd6 7. 0-0 Ne7 8. Nc3 Nbc6 9. Bg5 f6 10. Bh4 g5 11. Bg3 Bxg3 12. fxg3 Qd7 13. g4 Bg6 14. Bd3 0-0-0 15. Re1 Bxd3 16. Qxd3 h5 17. Nh2 Rdf8 18. gxh5 Rxh5 19. Ng4 f5 20. Ne5 Nxe5 21. Rxe5 Re8 22. Rae1 c6 23. Qe2 Rh7 24. Na4 b6 25. Re6 Kb8 26. Qe5+ Qc7 27. Rd6 Reh8 28. Re3 Nc8 29. Re6 Qxe5 30. R3xe5 Rf8 31. Rxc6 g4 32. Rc3 gxh3 33. Rxh3 Rxh3 34. gxh3 Rg8+ 35. Kf2 Nd6 36. Nc3 Kb7 37. b4 Kc6 38. b5+ Nxb5 39. Nxb5 Kxb5 40. Rxd5+ Kc4 41. Rxf5 Kxd4 42. Rf3 Ke4 43. Rg3 Rf8+ 44. Kg2 Rh8 45. Rg4+ Kf5 46. Kg3 Rc8 47. Rf4+ Kg5 48. h4+ Kh5 49. Rf2 Rc3+ 50. Kf4 Rc4+ 51. Kg3 Rg4+ 52. Kf3 Kxh4 53. Ke3 Kg5 1/2-1/2

[Event "Llinars del Valles op-B 8th"]
[Site "Llinars del Valles"]
[Date "2015.05.02"]
[Round "4"]
[White "Blasco Parrilla, Antonio"]
[Black "Torras Coloma, Pau"]
[Result "0-1"]
[WhiteElo "1731"]
[BlackElo "1814"]
[PlyCount "68"]
[EventDate "2015.04.11"]
[EventType "swiss"]
[EventRounds "9"]
[EventCountry "ESP"]
[SourceTitle "EXT 2016"]
[Source "ChessBase"]
[SourceDate "2015.10.08"]
[SourceVersion "1"]
[SourceVersionDate "2015.10.08"]
[SourceQuality "1"]

1. e4 c5 2. Nf3 Nc6 3. d4 cxd4 4. Nxd4 e5 5. Nf3 Nf6 6. Bg5 Be7 7. Bxf6 Bxf6 8. Bc4 0-0 9. c3 d6 10. h3 Be6 11. Qb3 Na5 12. Bxe6 Nxb3 13. Bxb3 g6 14. Nbd2 Qe7 15. Bd5 Bg7 16. Rd1 Kh8 17. 0-0 f5 18. Rfe1 Rad8 19. Nc4 b6 20. a4 fxe4 21. Rxe4 Rf6 22. Ng5 Rdf8 23. Rd2 Bh6 24. h4 Bxg5 25. hxg5 Rf4 26. Rxf4 Rxf4 27. f3 Qxg5 28. Nxd6 Qg3 29. Kf1 Rxa4 30. Rd1 Rh4 31. Ne4 Rh1+ 32. Ke2 Qxg2+ 33. Nf2 Rxd1 34. Kxd1 Qxf2 0-1